Bloody Canvas First 500 words - Polo G - Statistics

General Stats
  • This quiz has been taken 39 times
  • The average score is 191 of 500
Answer Stats
Answer % Correct
*****
100%
****
100%
******
100%
a
92%
he
88%
I
88%
on
77%
when
77%
was
73%
you
73%
to
69%
an
65%
from
65%
his
65%
like
65%
so
65%
tell
65%
young
65%
in
62%
me
62%
the
62%
with
62%
and
58%
beat
58%
only
58%
him
54%
let
54%
went
54%
about
50%
dont
50%
dream
50%
go
50%
that
50%
fourteen
46%
of
46%
see
46%
they
46%
all
42%
blood
42%
but
42%
jacob
42%
nba
42%
social
42%
street
42%
thats
42%
head
38%
hit
38%
it
38%
just
38%
made
38%
opps
38%
out
38%
shit
38%
stay
38%
then
38%
who
38%
back
35%
best
35%
between
35%
block
35%
cant
35%
day
35%
distanced
35%
friend
35%
get
35%
gun
35%
knees
35%
legend
35%
prayers
35%
shot
35%
shots
35%
what
35%
where
35%
aint
31%
for
31%
my
31%
off
31%
some
31%
up
31%
bangin'
27%
chicago
27%
crowd
27%
dreams
27%
glock
27%
got
27%
how
27%
loud
27%
now
27%
runnin'
27%
scene
27%
screamed
27%
them
27%
tourin'
27%
your
27%
around
23%
at
23%
born
23%
breath
23%
comin'
23%
corner
23%
em
23%
everybody
23%
eyes
23%
fun
23%
hood
23%
if
23%
kill
23%
lady
23%
man
23%
phones
23%
quarantined
23%
smiles
23%
told
23%
uh
23%
walk
23%
bad
19%
come
19%
cryin'
19%
down
19%
even
19%
family
19%
floor
19%
ground
19%
guns
19%
had
19%
heard
19%
know
19%
live
19%
news
19%
north
19%
one
19%
parents
19%
please
19%
rep
19%
seein'
19%
side
19%
sound
19%
store
19%
suspended
19%
this
19%
time
19%
took
19%
us
19%
aim
15%
baby
15%
believe
15%
by
15%
cause
15%
couldnt
15%
daddy
15%
dead
15%
five
15%
gang
15%
gettin'
15%
graduate
15%
hoe
15%
homies
15%
last
15%
make
15%
might
15%
mouth
15%
near
15%
normal
15%
old
15%
protect
15%
put
15%
really
15%
reportin'
15%
screechin'
15%
scrimmages
15%
seventeen
15%
spot
15%
thing
15%
through
15%
tires
15%
use
15%
wandered
15%
want
15%
anybody
12%
auntie
12%
basketball
12%
big
12%
bleed
12%
blurry
12%
breathe
12%
came
12%
caught
12%
childhood
12%
damn
12%
dark
12%
drown
12%
feel
12%
fist
12%
gave
12%
help
12%
innocent
12%
looked
12%
mean
12%
night
12%
oozin'
12%
playin'
12%
rollin'
12%
seen
12%
she
12%
startin'
12%
take
12%
taught
12%
tired
12%
way
12%
wishin'
12%
wont
12%
years
12%
alot
8%
before
8%
bent
8%
black
8%
bond
8%
called
8%
car
8%
cracked
8%
cried
8%
differences
8%
dreads
8%
famous
8%
fought
8%
have
8%
heartbeat
8%
intriguin'
8%
jokes
8%
light
8%
long
8%
name
8%
neck
8%
owe
8%
pain
8%
people
8%
poem
8%
pop
8%
pumpin'
8%
saw
8%
sayin'
8%
settle
8%
shorty
8%
showed
8%
six
8%
skin
8%
slowin'
8%
stories
8%
tellin
8%
terrence
8%
turned
8%
two
8%
uncle
8%
vision
8%
adrenaline
4%
anger
4%
baow
4%
ced
4%
clip
4%
died
4%
empty
4%
good
4%
grabbed
4%
he'd
4%
he'll
4%
ninety-nine
4%
nobody
4%
paramedics
4%
practiced
4%
puttin'
4%
stuck
4%
til
4%
until
4%
wait
4%
Cabrini-era
0%
hawkin'
0%
heat
0%
hoodies
0%
legs
0%
loadin'
0%
mug
0%
tryina
0%
wore
0%
No matching quizzes found
Score Distribution
Percent of People with Each Score
Percentile by Number Answered
Your Score History
You have not taken this quiz